[Event "Ruhrgebiet VK1 1112"]
[Site "Nordrheinwestfalen"]
[Date "2012.03.04"]
[Round "7"]
[White "Koch, Burkhard"]
[Black "Grasse, Herbert"]
[Result "0-1"]
[WhiteElo "1814"]
[BlackElo "1646"]
[PlyCount "108"]
[EventDate "2012.09.18"]
[EventType "team-tourn"]
[EventRounds "9"]
[EventCountry "GER"]
[SourceTitle "EXT 2020"]
[Source "ChessBase"]
[SourceDate "2019.10.17"]
[SourceVersion "1"]
[SourceVersionDate "2019.10.17"]
[SourceQuality "1"]
[WhiteTeam "Hoentrop SG"]
[BlackTeam "Kamen SV II"]
[WhiteTeamCountry "GER"]
[BlackTeamCountry "GER"]

1. e4 c5 2. Nf3 e6 3. d4 cxd4 4. Nxd4 Bc5 5. Nc3 Qb6 6. Na4 Qa5+ 7. c3 Bxd4 8. Qxd4 e5 9. Qc4 Na6 10. Be3 b6 11. 0-0-0 Bb7 12. f3 Bc6 13. Qxa6 Qxa4 14. Qxa4 Bxa4 15. Rd5 f6 16. b3 Bc6 17. Rd2 0-0-0 18. Be2 Kc7 19. Rhd1 Ne7 20. c4 a5 21. a4 d6 22. Bd3 Bd7 23. f4 exf4 24. Bxf4 Ng6 25. Bg3 Ne5 26. h3 Bc6 27. Re1 Rhe8 28. Bc2 Re7 29. Rd4 Rde8 30. Kd1 Bb7 31. Rd2 Re6 32. Rf2 Nf7 33. Rfe2 Ng5 34. Rd2 Bxe4 35. Bxe4 Nxe4 36. Rd3 Nxg3 37. Rxe6 Rxe6 38. Rxg3 Re7 39. Kd2 Kc6 40. Rd3 Re5 41. g4 d5 42. Rd4 Kc5 43. Kd3 g5 44. h4 gxh4 45. Rf4 Rg5 46. cxd5 Rxd5+ 47. Kc3 h5 48. gxh5 Rxh5 49. b4+ axb4+ 50. Rxb4 f5 51. Rb5+ Kc6 52. Kd4 h3 53. Rb1 h2 54. Rh1 Kd6 0-1

[Event "Solingen Karneval op"]
[Site "Solingen"]
[Date "2012.02.18"]
[Round "3"]
[White "Grasse, Herbert"]
[Black "Schwarz, Ingo"]
[Result "0-1"]
[WhiteElo "1805"]
[BlackElo "1992"]
[PlyCount "94"]
[EventDate "2012.02.17"]
[EventType "swiss"]
[EventRounds "5"]
[EventCountry "GER"]
[SourceTitle "EXT 2015"]
[Source "ChessBase"]
[SourceDate "2014.11.20"]
[SourceVersion "1"]
[SourceVersionDate "2014.11.20"]
[SourceQuality "1"]

1. Nf3 d5 2. g3 Bf5 3. Bg2 Nc6 4. d3 Nf6 5. b3 e5 6. Nbd2 Bc5 7. h3 e4 8. Nh4 Qd7 9. Nxf5 Qxf5 10. 0-0 Qe5 11. Rb1 e3 12. Nf3 exf2+ 13. Kh2 Qh5 14. Qd2 Ng4+ 15. Kh1 Ne3 16. Rxf2 Nxg2 17. Rxg2 Qxh3+ 18. Nh2 0-0 19. Qg5 Qe6 20. Bf4 Be7 21. Qh5 Bd6 22. Ng4 Qg6 23. Qh3 f5 24. Ne3 Ne7 25. Rf1 Rf6 26. Rh2 h6 27. Qg2 Qf7 28. Qh3 d4 29. Nc4 Qd5+ 30. Qg2 Qxg2+ 31. Kxg2 Bxf4 32. Rxf4 c5 33. a4 b6 34. Rh5 g5 35. Rf1 Re6 36. Kf2 Nd5 37. Rfh1 Kg7 38. Kf3 Rae8 39. Re1 Kg6 40. Rh2 h5 41. Rf2 a6 42. Kg2 b5 43. axb5 axb5 44. Na3 Ne3+ 45. Kg1 b4 46. Nb5 R8e7 47. Rc1 Rb7 0-1

[Event "Cologne Longerich op 8th"]
[Site "Cologne"]
[Date "2011.08.13"]
[Round "2"]
[White "Grasse, Herbert"]
[Black "Steinberg, Florian"]
[Result "1-0"]
[WhiteElo "1632"]
[BlackElo "1367"]
[PlyCount "71"]
[EventDate "2011.08.12"]
[EventType "swiss"]
[EventRounds "5"]
[EventCountry "GER"]
[SourceTitle "EXT 2017"]
[Source "ChessBase"]
[SourceDate "2016.10.25"]
[SourceVersion "1"]
[SourceVersionDate "2016.10.25"]
[SourceQuality "1"]

1. Nf3 d5 2. g3 Nf6 3. Bg2 e6 4. 0-0 c5 5. d3 Be7 6. h4 Bd7 7. Nbd2 Bc6 8. Ne5 0-0 9. Nxc6 bxc6 10. e4 Nbd7 11. Qe2 Re8 12. e5 Nxe5 13. Qxe5 Ng4 14. Qe2 h5 15. Nf3 Bd6 16. Nh2 Nxh2 17. Kxh2 Qxh4+ 18. Kg1 Qd4 19. c3 Qe5 20. Qf3 Qf5 21. Qxf5 exf5 22. Bf3 g6 23. c4 Kg7 24. cxd5 cxd5 25. Bxd5 Rad8 26. Bf3 Rh8 27. Be3 h4 28. gxh4 f6 29. Kg2 Rxh4 30. Rh1 Rb4 31. Bh6+ Kf7 32. Bd2 Rxb2 33. Bd5+ Ke7 34. Rh7+ Ke8 35. Bh6 Be5 36. Bc6+ 1-0

[Event "Cologne Chess Days op"]
[Site "Cologne"]
[Date "2009.08.28"]
[Round "2"]
[White "Effertz, Josef"]
[Black "Grasse, Herbert"]
[Result "1-0"]
[WhiteElo "1903"]
[BlackElo "1609"]
[PlyCount "79"]
[EventDate "2009.08.27"]
[EventType "swiss"]
[EventRounds "7"]
[EventCountry "GER"]
[SourceTitle "EXT 2011"]
[Source "ChessBase"]
[SourceDate "2010.11.26"]
[SourceVersion "1"]
[SourceVersionDate "2010.11.26"]
[SourceQuality "1"]

1. e4 c5 2. Nf3 e6 3. b3 d5 4. exd5 exd5 5. Bb5+ Bd7 6. Bxd7+ Nxd7 7. 0-0 Be7 8. Re1 Ngf6 9. d4 0-0 10. Bb2 Re8 11. Nc3 a6 12. Qd3 cxd4 13. Nxd4 Nc5 14. Qh3 Qb6 15. Nf5 Bf8 16. Qf3 Nce4 17. Nxe4 dxe4 18. Nh6+ gxh6 19. Qxf6 Qxf6 20. Bxf6 Rac8 21. Re3 Bd6 22. c4 Re6 23. Bb2 f5 24. Rd1 Bf4 25. Re2 Bg5 26. g3 Rd8 27. Rxd8+ Bxd8 28. Rd2 Bg5 29. Rd7 Re7 30. Rxe7 Bxe7 31. Bd4 Kf7 32. f3 Ke6 33. Kf2 Ba3 34. g4 fxg4 35. fxg4 Bc1 36. Be3 Bxe3+ 37. Kxe3 Ke5 38. b4 b6 39. h3 a5 40. a3 1-0

[Event "Cologne Chess Days op"]
[Site "Cologne"]
[Date "2009.08.28"]
[Round "3"]
[White "Grasse, Herbert"]
[Black "Michalowski, Peter"]
[Result "1-0"]
[WhiteElo "1609"]
[BlackElo "1264"]
[PlyCount "75"]
[EventDate "2009.08.27"]
[EventType "swiss"]
[EventRounds "7"]
[EventCountry "GER"]
[SourceTitle "EXT 2011"]
[Source "ChessBase"]
[SourceDate "2010.11.26"]
[SourceVersion "1"]
[SourceVersionDate "2010.11.26"]
[SourceQuality "1"]

1. Nf3 Nc6 2. d3 e5 3. e4 Bc5 4. Be2 d6 5. 0-0 f5 6. Bg5 Nge7 7. Nc3 h6 8. Be3 Nd4 9. Bxd4 exd4 10. Na4 0-0 11. Nxc5 dxc5 12. Nd2 Ng6 13. Bf3 Ne5 14. Be2 f4 15. Nf3 Ng4 16. h3 Nf6 17. Qd2 Nh5 18. Ne5 Qg5 19. Nf3 Qg6 20. Kh1 b6 21. Qd1 Qd6 22. Nxd4 Qxd4 23. c3 Qe5 24. Bxh5 Rf6 25. Bf3 Bb7 26. d4 cxd4 27. cxd4 Qg5 28. e5 Bxf3 29. Qxf3 Rff8 30. Rac1 c5 31. Qd5+ Kh8 32. dxc5 Rad8 33. Qe4 Rf5 34. Rfe1 Rd2 35. e6 Rxf2 36. e7 Re5 37. Qa8+ Kh7 38. Rxe5 1-0

[Event "Cologne Chess Days op"]
[Site "Cologne"]
[Date "2009.08.27"]
[Round "1"]
[White "Grasse, Herbert"]
[Black "Hoeren, Andreas"]
[Result "0-1"]
[WhiteElo "1609"]
[BlackElo "2118"]
[PlyCount "26"]
[EventDate "2009.08.27"]
[EventType "swiss"]
[EventRounds "7"]
[EventCountry "GER"]
[SourceTitle "EXT 2011"]
[Source "ChessBase"]
[SourceDate "2010.11.26"]
[SourceVersion "1"]
[SourceVersionDate "2010.11.26"]
[SourceQuality "1"]

1. Nf3 e6 2. g3 f5 3. Bg2 Nf6 4. 0-0 Be7 5. d3 0-0 6. Nbd2 d6 7. e4 e5 8. exf5 Bxf5 9. Nxe5 dxe5 10. Bxb7 Nbd7 11. Bxa8 Qxa8 12. Nc4 Bh3 13. Ne3 Ng4 0-1

[Event "Dortmund op-B"]
[Site "Dortmund"]
[Date "2009.07.12"]
[Round "9"]
[White "Grasse, Herbert"]
[Black "Bieberle, Gerhart"]
[Result "1-0"]
[WhiteElo "1540"]
[BlackElo "1750"]
[PlyCount "103"]
[EventDate "2009.07.04"]
[EventType "swiss"]
[EventRounds "9"]
[EventCountry "GER"]
[SourceTitle "EXT 2012"]
[Source "ChessBase"]
[SourceDate "2011.11.24"]
[SourceVersion "1"]
[SourceVersionDate "2011.11.24"]
[SourceQuality "1"]

1. Nf3 f5 2. g3 Nf6 3. Bg2 c6 4. 0-0 d6 5. d3 e5 6. Nc3 Be7 7. e4 0-0 8. Qe2 Be6 9. Ng5 Bc8 10. d4 exd4 11. Qc4+ d5 12. exd5 cxd5 13. Nxd5 Nxd5 14. Bxd5+ Kh8 15. Nf7+ Rxf7 16. Bxf7 Nc6 17. Qd5 Bd7 18. Be6 Bxe6 19. Qxe6 Qf8 20. a3 Rd8 21. Qb3 b6 22. Bd2 Ne5 23. Rae1 Bf6 24. Bb4 Qe8 25. f4 a5 26. fxe5 Bg5 27. Bd6 Qc6 28. Rxf5 Be3+ 29. Rxe3 dxe3 30. Qxe3 Qxc2 31. Qf2 Qd1+ 32. Kg2 h6 33. Rf8+ Rxf8 34. Bxf8 Qd5+ 35. Qf3 Qxe5 36. Bxg7+ Kxg7 37. Qc3 Qxc3 38. bxc3 Kf6 39. Kf3 Ke5 40. Ke3 Kd5 41. g4 Kc4 42. h4 Kxc3 43. g5 hxg5 44. hxg5 b5 45. g6 b4 46. axb4 axb4 47. g7 b3 48. g8Q b2 49. Qg6 Kb3 50. Qb1 Ka3 51. Kd2 Kb3 52. Kd3 1-0

[Event "Dortmund op-B"]
[Site "Dortmund"]
[Date "2009.07.11"]
[Round "8"]
[White "Schuermann, Jan"]
[Black "Grasse, Herbert"]
[Result "1/2-1/2"]
[WhiteElo "1754"]
[BlackElo "1540"]
[PlyCount "74"]
[EventDate "2009.07.04"]
[EventType "swiss"]
[EventRounds "9"]
[EventCountry "GER"]
[SourceTitle "EXT 2012"]
[Source "ChessBase"]
[SourceDate "2011.11.24"]
[SourceVersion "1"]
[SourceVersionDate "2011.11.24"]
[SourceQuality "1"]

1. Nf3 f5 2. g3 Nf6 3. Bg2 g6 4. 0-0 Bg7 5. c4 0-0 6. Nc3 c6 7. d3 d6 8. d4 Qe8 9. d5 Na6 10. e4 fxe4 11. Ng5 Bg4 12. Qd2 Nc5 13. Ngxe4 Nfxe4 14. Nxe4 Nxe4 15. Bxe4 Bf3 16. Bxf3 Rxf3 17. Qe2 Qf7 18. Bf4 Rxf4 19. gxf4 Qxf4 20. Qe3 Qxc4 21. Qe6+ Kf8 22. Rfe1 Re8 23. dxc6 Qxe6 24. Rxe6 bxc6 25. Rc1 Be5 26. Rxc6 Kf7 27. Rxe5 dxe5 28. Ra6 Ra8 29. b4 Rb8 30. a3 Rb7 31. Kg2 e6 32. Kf3 Kf6 33. Ke4 Rd7 34. Ra5 Rd4+ 35. Ke3 Rh4 36. Rxa7 Rxh2 37. b5 Rh1 1/2-1/2